| 000 | 00000nam##2200000za#4500 |
| 001 | 9.577498 |
| 003 | CaOODSP |
| 005 | 20210624185635 |
| 007 | cr ||||||||||| |
| 008 | 150406|1980||||xxc|||||o f|0| 0 eng|d |
| 022 | |a1488-5379 |
| 040 | |aCaOODSP|beng |
| 043 | |an-cn--- |
| 086 | 1 |aFs97-6/924E-PDF |
| 110 | 1 |aCanada. |bDepartment of Fisheries and Oceans. |
| 245 | 14|aThe British Columbia Lake Fertilization Program – Limnological results from the first 2 years of nutrient enrichment / |h[electronic resource]|cby J.G. Stockner, K.S. Shortreed, and K. Stephens. |
| 260 | |aWest Vancouver - British Columbia : |bFisheries and Oceans Canada |c1980. |
| 300 | |a100p.|bfigs., illus., references, tables |
| 490 | 1 |aCanadian technical report of fisheries and aquatic sciences|x1488-5379|vNo. 924 |
| 500 | |aOn t.p.: Resource Services Branch, West Vancouver Library, West Vancouver, British Columbia. The catalogue number and ISSN for the print edition appear in the PDF version. |
| 546 | |a(Résumé en français) |
| 590 | |a13-23-Supp|b2013-10-08 |
| 720 | 1 |aStockner, J. G. |
| 720 | 1 |aShortreed, K. S. |
| 720 | 1 |aStephens, K. |
| 830 | #0|aCanadian technical report of fisheries and aquatic sciences,|x1488-5379|vNo. 924|w(CaOODSP)9.504449 |
| 856 | 40|ahttp://publications.gc.ca|qPDF|s3883 KB|uhttps://publications.gc.ca/collections/collection_2013/mpo-dfo/Fs97-6-924-eng.pdf|yNo. 924 |